[Event "Norway Chess 8th"]
[Site "Stavanger"]
[Date "2020.10.12"]
[Round "7"]
[White "Caruana, Fabiano"]
[Black "Carlsen, Magnus"]
[Result "1/2-1/2"]
[WhiteElo "2828"]
[BlackElo "2863"]
[PlyCount "78"]
[EventDate "2020.10.05"]
[EventType "tourn"]
[EventRounds "10"]
[EventCountry "NOR"]
[EventCategory "21"]
[SourceTitle "CBM 199"]
[Source "ChessBase"]
[SourceDate "2020.12.01"]
[SourceVersion "1"]
[SourceVersionDate "2020.12.01"]
[SourceQuality "1"]

1. e4 c5 2. Nf3 Nc6 3. Bb5 g6 4. O-O Bg7 5. c3 e5 6. d4 cxd4 7. cxd4 exd4 8. Bf4 a6 9. Ba4 Nge7 10. Bd6 b5 11. Bb3 Bb7 12. Re1 Nc8 13. e5 Nxd6 14. exd6+ Kf8 15. h4 Bf6 16. Nbd2 Kg7 17. Bd5 Na5 18. Bxb7 Nxb7 19. Ne4 Re8 20. h5 Rc8 $146 ({RR} 20... d3 21. Qxd3 Bxb2 22. h6+ Kg8 23. Rad1 Rb8 24. Re2 Bf6 25. Rde1 Re6 26. Nxf6+ Qxf6 27. Ne5 Rd8 28. Ng4 Qh8 29. Rxe6 dxe6 30. d7 Nc5 31. Qd6 Qc3 32. Qe7 Qxe1+ 33. Kh2 Nxd7 34. Qxd8+ Nf8 35. Nf6+ {Idani,P (2588)-Goh,W (2501) Chess.com INT 2020 1-0 (35)}) 21. Rc1 Rxc1 22. Qxc1 h6 23. hxg6 fxg6 24. Qd2 d3 25. b4 Re6 26. Qxd3 Qb6 27. Rd1 Qc6 28. Nxf6 Rxf6 29. Ne5 Qc8 30. Qd5 Re6 31. Ng4 Kh7 32. Qd4 Qf8 33. Qa7 Rxd6 34. Re1 Nd8 35. Ne5 Qe7 36. Nf3 Re6 37. Rd1 Rd6 38. Re1 Re6 39. Rd1 Rd6 1/2-1/2

[Event "Norway Chess 8th"]
[Site "Stavanger"]
[Date "2020.10.13"]
[Round "8"]
[White "Carlsen, Magnus"]
[Black "Tari, Aryan"]
[Result "1-0"]
[WhiteElo "2863"]
[BlackElo "2633"]
[Annotator "Nielsen,Peter Heine"]
[PlyCount "89"]
[EventDate "2020.10.05"]
[EventType "tourn"]
[EventRounds "10"]
[EventCountry "NOR"]
[EventCategory "21"]
[SourceTitle "CBM 199"]
[Source "ChessBase"]
[SourceDate "2020.12.01"]
[SourceVersion "1"]
[SourceVersionDate "2020.12.01"]
[SourceQuality "1"]

{[%evp 0,89,30,28,28,28,31,4,8,-13,3,8,22,4,22,27,17,2,31,-26,10,-63,-1,-64,17,-54,17,17,8,17,17,6,13,9,9,20,15,19,27,50,47,29,32,48,46,55,48,50,91,38,38,30,65,36,60,17,23,34,39,35,39,22,25,29,80,82,131,114,113,128,119,128,133,150,170,156,167,161,280,255,302,302,596,698,705,725,732,724,748,756,1188,1337]} {Winning this game was essential. Not only due to having the white pieces vs. the tournaments lowest rated player, but also in order to regain the lead in the tournament. Kasparov in his day would crush the lower-rated with his opening knowledge, not even allowing them to get a game, but these days the situation has reversed, and from the strongest player's perspective it is more a matter of actualy getting out of the opening with a position full of play that becomes the target. Many would try along the lines of 1.f3/2.g3, keeping as many pieces on the board as possible, but the World Champion, as always, goes his own way:} 1. e4 e5 2. Nf3 Nc6 3. Bb5 a6 4. Ba4 Nf6 {In the previous round Tari tried 4...f5?! against Duda, but as expected such a move is based on its surprise value, and not to be repeated.} 5. O-O Be7 6. d3 $5 {Aronian played 6.e1 against Tari earlier in the tournament, but Magnus stays loyal to the line that even in some books carries his name, as he popularised it by succesfully employing it in his early youth.} b5 7. Bb3 d6 8. a4 Bd7 $1 {In the 2007 Elista Candidates, Aronian went for 8...b8 against Magnus, and later 8...b4 would become the preferred move, until Black finally settling for the game move being the solution to his problems.} 9. c3 Na5 10. Ba2 c5 ({A much more radical solution is} 10... bxa4 $5 {Temporarily it wins a pawn, and after} 11. Nbd2 O-O 12. Bb1 Bb5 $5 {Ding had a reasonable position vs Magnus in the 2017 St. Louis showdown. The ideas is that to get the pawn on a4 back, White has to play c4, but that means that he no longer has the c3+d4 option, and Black's position therefore stablises.}) ({RR} 10... bxa4 11. Nbd2 O-O 12. Bb1 Bb5 13. Bc2 Nb7 14. c4 Bd7 15. Bxa4 Bxa4 16. Qxa4 Nc5 17. Qc2 a5 18. b3 Ne6 19. Bb2 c5 20. Ra4 Nd7 21. Rfa1 Nb8 22. Nf1 Nc6 23. Ne3 Qd7 24. Bc3 Bd8 25. Qd1 {Carlsen,M (2837)-Ding,L (2774) Saint Louis 2017 ½-½ (53)}) 11. Bg5 O-O 12. Nbd2 $146 {Caruana played 12 axb5 axb5 13 a3 aiming for the e3-square via c2, but Magnus will not yet release the tension in the a-line.} ({RR} 12. axb5 axb5 13. Nbd2 Nc6 14. Bxf6 Bxf6 15. Bd5 Ra5 16. Re1 Ne7 17. Bb3 Nc6 18. Rxa5 Qxa5 19. Nf1 g6 20. Ne3 {½-½ (20) Manik,M (2356)-Borosova,Z (2256) Slovakia 2020}) ({RR} 12. axb5 axb5 13. Nbd2 Nc6 14. Bxf6 Bxf6 15. Re1 g6 16. Nf1 Bg7 17. Ne3 Kh8 18. Bd5 Rc8 19. Ra6 f5 20. Qe2 f4 21. Bxc6 Rxc6 22. Rxc6 Bxc6 23. Nd5 {½-½ (23) Brkic,A (2637)-Ali Marandi,C (2515) Ankara TUR 2024}) 12... Rb8 13. axb5 {Logical timing, as Black has just removed his rook form the a-file.} axb5 14. Re1 b4 15. Nc4 Nxc4 16. Bxc4 bxc3 17. bxc3 Qc7 18. Qc2 Bb5 19. Bxb5 Rxb5 20. Bxf6 $1 Bxf6 21. Nd2 {A very interesting position, at least from a technical point oi view. Black has managed to clear off 3 sets of minor pieces, as well as the a- and b-pawns. All this speaks in favour of a draw, but White does have a very visible plus in the sense that his knight wil settle on c4 or d5. That in itself is not enought to make Black's position collapse, so a lot is going to depend on how White can improve his position, intensifying the pressure. This position perhaps is not Black's last chance, but still a very crucial one.} Qc6 $6 ({Had Tari played} 21... h5 $1 {, he would have seriously improved his chances of making a draw. Getting the pawn to h4 holds a lot of benefits. His bishop will have a safe haven on g5, and White's king will feel some discomfort should he allow a black rook access to the first rank.}) 22. Qa4 Rfb8 23. Nc4 {Another instructive moment.} Be7 (23... Bg5 {suggests itself, stopping the knight from going on to e3 heading for d5, but} 24. Na3 R5b6 25. Qxc6 Rxc6 26. Nc4 {the computers indicate as basicaly winning for White! Despite the symmetry Black has been rendered completely passive. White's rook will enter a7, then perhaps d7 and a1-a7 coming next, Black is in a hopeless situation.}) (23... h5 {was a more active way of defending but apart from 24.a3, White also has} 24. g3 h4 25. Rab1 $5 {as after} Rxb1 26. Qxc6 Rxe1+ 27. Kg2 {despite nominally being behind in material, White's queen and knight coordinate much better than the black pieces and should win easily.}) 24. g3 $1 {24.a3 certainly also was good, but with e7 protected, Black will be in time for ...c7 defending the 7th rank, and thus Magnus decides to reinforce his position even further.} Qc8 25. Qd1 g6 26. Kg2 Bf8 27. Qf3 Rb3 28. Rec1 Qe6 29. Ra7 {Black's problem is not so much that his position in any way is collapsing, but that he has absolutly no way of trying to equalise. Often slightly worse positions have a tendency to turn into equality with exact moves, as the initiative evaporates, but here Magnus' advantage is purely static, and in a way that Black cannot repair. He'll just have so sit and wait, and try to parry White's attempts at breaking through.} R8b7 30. Rxb7 $5 {A remarkable decision. In general one would think keeping material on the board favours the attacker, but as with the potential queen swap earlier, it is not neccessarily so. White also has to break through, and eliminating a defender thus has definite plusses.} Rxb7 31. Ra1 h5 32. Ra8 Kg7 33. Ne3 Rc7 $2 {An innocent looking move, but the decisive mistake.} ({The computer indicates that} 33... Qd7 $1 {is the only way to defend, answering} 34. Nd5 {with} Be7 {defending the f6 square, when Black stays in the game, with 35...a7 coming next. Objectively perhaps the position is drawn, but from a practical point of view, Tari would still have to suffer for many moves as White would play for h3-g3, d4 or even taking his king to the queenside.}) (33... Be7 {looks similar, but then} 34. Nf5+ $1 {wins, illustrating the pressure Black is under.}) 34. Nd5 Rc8 {If 34...Rd7 White wins exactly like in the game, preparing g4-g5.} 35. Ra7 Rb8 36. h3 Rd8 37. g4 hxg4 38. hxg4 Rd7 39. Ra8 f6 40. g5 $1 {The final finesse, as Black can not take on g5, due to f8 hanging.} f5 41. Qh3 Rf7 42. Re8 $5 {Nice, and winning, yet the computers suggestion of 42 c4!? being even better is noteworthy! It illustrates the story of the game, the inability of the black position to improve itself, even given time for free.} Qxe8 43. Qh6+ Kg8 44. Qxg6+ Kh8 45. Nf6 {And having to choose between mate or substantial material losses, Tari resigned.} 1-0

[Event "Tata Steel 83rd"]
[Site "Wijk aan Zee"]
[Date "2021.01.17"]
[Round "2"]
[White "Anton Guijarro, David"]
[Black "Carlsen, Magnus"]
[Result "1/2-1/2"]
[WhiteElo "2679"]
[BlackElo "2862"]
[PlyCount "137"]
[EventDate "2021.01.16"]
[EventType "tourn"]
[EventRounds "13"]
[EventCountry "NED"]
[EventCategory "19"]
[SourceTitle "CBM 200"]
[Source "ChessBase"]
[SourceDate "2021.02.01"]
[SourceVersion "1"]
[SourceVersionDate "2021.02.01"]
[SourceQuality "1"]

1. e4 c5 2. Nf3 Nc6 3. Nc3 g6 4. d4 cxd4 5. Nxd4 Bg7 6. Be3 Nf6 7. Nb3 d6 8. f3 ({RR} 8. Qd2 Be6 9. Be2 Rc8 10. f3 O-O 11. O-O-O Ne5 12. Kb1 a6 13. h4 h5 14. Bh6 Qb6 15. Bxg7 Kxg7 16. Nd4 Bc4 17. f4 Neg4 18. Bxg4 Nxg4 19. f5 Qa5 20. Rh3 e5 21. Nb3 Qd8 22. Qe1 f6 {Santos Latasa,J (2656)-Gelfand,B (2668) Leon ESP 2023 1-0 (33)}) 8... Be6 9. Qd2 d5 10. Bb5 $146 ({RR} 10. exd5 Nxd5 11. Nxd5 Qxd5 12. Qxd5 Bxd5 13. O-O-O O-O-O 14. Bb5 Kc7 15. c3 a6 16. Be2 Bxb3 17. axb3 Rxd1+ 18. Kxd1 Rd8+ 19. Kc2 e6 20. b4 Ne7 21. g4 Nd5 22. Bg5 Rd7 23. b5 a5 24. Ra1 b6 {Pena Riasco,A (2181)-Nieto Asencio,M (1985) Caleta 2015 0-1 (52)}) ({RR} 10. exd5 Nxd5 11. Nxd5 Qxd5 12. Qxd5 Bxd5 13. O-O-O O-O-O 14. Be2 b6 15. Rd2 e5 16. Rhd1 Be6 17. Bb5 Kc7 18. c4 h6 19. c5 Rxd2 20. cxb6+ axb6 21. Rxd2 Nb4 22. a3 Nd5 23. Rc2+ Kb8 24. Bf2 h5 {Golis,W (2234)-Krysa,L (2488) chess.com INT 2025 ½-½ (53)}) 10... dxe4 11. Qxd8+ Rxd8 12. fxe4 Bd7 13. O-O-O Ng4 14. Bc5 Bxc3 15. bxc3 b6 16. Bg1 Nce5 17. Bd3 Ba4 18. Bd4 Nxd3+ 19. cxd3 Rxd4 20. cxd4 Nf2 21. Kd2 Nxh1 22. Rxh1 e6 23. Nc1 Ke7 24. Ne2 Bd7 25. a4 Rc8 26. Nc3 f5 27. Rb1 fxe4 28. dxe4 e5 29. Kd3 exd4 30. Kxd4 Rc5 31. Nd5+ Kf7 32. Rf1+ Kg7 33. Nc3 Be6 34. Nb5 Rc2 35. Ke5 Bg8 36. Rg1 a5 37. Nd6 Bb3 38. Rb1 Bxa4 39. Rxb6 Rxg2 40. h4 Rh2 41. Ra6 Rxh4 42. Rxa5 Bd1 43. Ra1 Rh1 44. Ne8+ Kh6 45. Nf6 Kg5 46. Ra7 h5 47. Nh7+ Kh6 48. Nf8 Rf1 49. Rh7+ Kg5 50. Ne6+ Kh4 51. Rg7 Rg1 52. Nd4 g5 53. Nf5+ Kh3 54. Ne3 Bf3 55. Kf5 Kh4 56. Ke5 Bg4 57. Kd4 Bh3 58. e5 Ra1 59. Rg6 Ra4+ 60. Kd5 Ra5+ 61. Kd4 Ra8 62. e6 Re8 63. Ke5 Bg4 64. Kd6 Rxe6+ 65. Rxe6 Bxe6 66. Kxe6 Kg3 67. Kf5 Kf3 68. Kxg5 Kxe3 69. Kxh5 1/2-1/2

[Event "Tata Steel 83rd"]
[Site "Wijk aan Zee"]
[Date "2021.01.19"]
[Round "4"]
[White "Van Foreest, Jorden"]
[Black "Carlsen, Magnus"]
[Result "1/2-1/2"]
[WhiteElo "2671"]
[BlackElo "2862"]
[PlyCount "116"]
[EventDate "2021.01.16"]
[EventType "tourn"]
[EventRounds "13"]
[EventCountry "NED"]
[EventCategory "19"]
[SourceTitle "CBM 200"]
[Source "ChessBase"]
[SourceDate "2021.02.01"]
[SourceVersion "1"]
[SourceVersionDate "2021.02.01"]
[SourceQuality "1"]

1. e4 e5 2. Nf3 Nc6 3. Bb5 a6 4. Ba4 Nf6 5. O-O b5 6. Bb3 Bb7 7. d3 Be7 8. Nc3 O-O 9. a3 Nd4 ({RR} 9... d6 10. Ne2 d5 11. exd5 Nxd5 12. Re1 Kh8 13. Ng3 f6 14. c3 Qd7 15. d4 exd4 16. cxd4 Rad8 17. Qd3 f5 18. Bc2 g6 19. Bh6 Rfe8 20. Bb3 Bf6 21. Qd2 Nb6 22. Bg5 Qg7 23. Rxe8+ Rxe8 24. Re1 {Nepomniachtchi,I (2789)-Carlsen,M (2862) chess24.com INT 2021 ½-½ (35)}) 10. Nxd4 ({RR} 10. Ba2 Nxf3+ 11. Qxf3 d6 12. Bg5 Qd7 13. Ne2 Nxe4 14. Bxe7 Nc5 15. Bd5 Bxd5 16. Qxd5 Qxe7 17. d4 exd4 18. Nxd4 Rfe8 19. c4 Qe4 20. Rfd1 Qxd5 21. cxd5 Re5 22. Nf3 Re4 23. Rac1 b4 24. Nd4 bxa3 {Caruana,F (2804)-Carlsen,M (2855) Paris 2016 0-1 (48)}) 10... exd4 11. Ne2 c5 12. Bg5 $146 ({RR} 12. Ng3 d5 13. f3 c4 14. Ba2 g6 15. Bh6 Re8 16. Qd2 Nd7 17. Rae1 Rc8 18. f4 Nf6 19. e5 Ng4 20. f5 Nxh6 21. Qxh6 Bg5 22. Qh3 Be3+ 23. Rxe3 dxe3 24. d4 Qg5 25. c3 Rc6 26. Bb1 Bc8 {Munguntuul,B (2342)-Zhukova,N (2302) Doha QAT 2024 ½-½ (47)}) 12... d5 13. Bxf6 Bxf6 14. Bxd5 Bxd5 15. exd5 Qxd5 16. Ng3 c4 17. Re1 Rae8 18. a4 Rxe1+ 19. Qxe1 cxd3 20. cxd3 bxa4 21. Qd1 Qb5 22. Ne4 Be7 23. Qc2 Rb8 24. Rxa4 Qxb2 25. Qxb2 Rxb2 26. g4 Rb6 27. Rxd4 Kf8 28. Rd7 Rg6 29. Kf1 Rxg4 30. Ra7 f5 31. Ng3 g6 32. Rxa6 Rh4 33. Kg2 Rd4 34. Ne2 Rxd3 35. Ng1 Rd7 36. Nf3 Kg7 37. h3 Bf6 38. Kg3 Rb7 39. Kg2 Re7 40. Ra5 Rc7 41. Rd5 Ra7 42. Rb5 Be7 43. Nd4 Rd7 44. Nf3 Rd6 45. Rb7 Kf6 46. Ra7 h6 47. Nh4 Bd8 48. Rh7 Rd2 49. Rxh6 Kg7 50. Rxg6+ Kh7 51. Nf3 Rxf2+ 52. Kxf2 Kxg6 53. Kg2 Kh5 54. Nd4 f4 55. Ne6 Bg5 56. Nxg5 Kxg5 57. Kf3 Kh4 58. Kxf4 Kxh3 1/2-1/2

[Event "Tata Steel 83rd"]
[Site "Wijk aan Zee"]
[Date "2021.01.21"]
[Round "5"]
[White "Carlsen, Magnus"]
[Black "Donchenko, Alexander"]
[Result "1/2-1/2"]
[WhiteElo "2862"]
[BlackElo "2668"]
[PlyCount "137"]
[EventDate "2021.01.16"]
[EventType "tourn"]
[EventRounds "13"]
[EventCountry "NED"]
[EventCategory "19"]
[SourceTitle "CBM 200"]
[Source "ChessBase"]
[SourceDate "2021.02.01"]
[SourceVersion "1"]
[SourceVersionDate "2021.02.01"]
[SourceQuality "1"]

1. e4 c5 2. Nf3 d6 3. d4 cxd4 4. Nxd4 Nf6 5. Nc3 a6 6. Be3 e5 7. Nb3 Be6 8. h3 Nc6 9. Qf3 Rc8 ({RR} 9... Nb4 10. O-O-O Rc8 11. Kb1 d5 12. a3 Nxc2 13. Kxc2 Nxe4 14. Qxe4 dxe4 15. Rxd8+ Kxd8 16. g4 h5 17. Rg1 hxg4 18. hxg4 Be7 19. Nd2 Rh4 20. Be2 Ke8 21. Ndxe4 f6 22. f3 Rh2 23. Kb1 Bb3 24. Bd3 {He,Z (1743)-Simpson,M (2204) Changsha CHN 2025 0-1 (70)}) 10. O-O-O Na5 ({RR} 10... Nb4 11. Kb1 Qc7 12. a3 Nxc2 13. Kxc2 Qc6 14. Nd2 d5 15. exd5 Nxd5 16. Ndb1 Qa4+ 17. Kd2 Qb3 18. Ke1 Nxe3 19. Qxe3 Qxb2 20. Qxe5 Bc5 21. Rd2 Qc1+ 22. Rd1 Qb2 23. Rd2 Qc1+ 24. Rd1 Qb2 {½-½ (24) Laznicka,V (2681)-Wojtaszek,R (2713) Yerevan 2014}) 11. Bg5 ({RR} 11. Nd5 Bxd5 12. exd5 Nxb3+ 13. axb3 g6 14. g4 Bg7 15. h4 Qc7 16. Rd2 h5 17. g5 Nd7 18. Bh3 O-O 19. Qe4 b5 20. Kd1 a5 21. Ke2 Ra8 22. Bxd7 Qxd7 23. c4 a4 24. c5 axb3 25. c6 Qc8 {Aryan,C (2536)-Donchenko,A (2588) Biel 2018 0-1 (38)}) 11... Be7 12. Bxf6 $146 ({RR} 12. g4 h6 13. Bd2 Nc4 14. Bxc4 Rxc4 15. Qd3 Qc7 16. f4 b5 17. f5 Bc8 18. Kb1 Bb7 19. Rhe1 O-O 20. Nd5 Bxd5 21. exd5 e4 22. Qg3 Rc8 23. c3 Nxd5 24. Nd4 Bf6 25. g5 hxg5 26. Bxg5 Be5 {Babiy,O (2228)-Sarana,A (2654) Chess.com INT 2020 0-1 (42)}) 12... Bxf6 13. Nd5 Bg5+ 14. Kb1 h5 15. Be2 h4 16. Nxa5 Qxa5 17. Qb3 Qc5 18. Bg4 Qc4 19. Bxe6 fxe6 20. Nb6 Qxb3 21. axb3 Rc6 22. Nc4 Ke7 23. Rd3 Rf8 24. f3 Bf4 25. Rhd1 Rd8 26. c3 Rd7 27. Kc2 Rd8 28. Na5 Rc7 29. b4 Rdd7 30. Kb3 Rd8 31. Nc4 Rc6 32. Na3 d5 33. b5 Rcd6 34. bxa6 bxa6 35. Ka4 Rb8 36. b4 Rc6 37. Kb3 Rbc8 38. Ra1 Rc4 39. Ra2 a5 40. bxa5 Rb8+ 41. Kc2 Rc5 42. Nb1 Rbb5 43. exd5 exd5 44. a6 Ra5 45. Rxa5 Rxa5 46. c4 Rxa6 47. cxd5 Ra2+ 48. Kb3 Rxg2 49. Nc3 Rg3 50. d6+ Kd7 51. Ne4 Rxh3 52. Kc4 Rh1 53. Kd5 Rc1 54. Nc5+ Ke8 55. Ke6 Rxc5 56. Ra3 Rc8 57. d7+ Kd8 58. dxc8=Q+ Kxc8 59. Ra1 h3 60. Rh1 h2 61. Kf5 g5 62. Kg4 Kd7 63. Kh3 Ke6 64. Kg2 Kf5 65. Kh3 e4 66. fxe4+ Kxe4 67. Kg4 Ke3 68. Rxh2 Bxh2 69. Kxg5 1/2-1/2

[Event "Tata Steel 83rd"]
[Site "Wijk aan Zee"]
[Date "2021.01.22"]
[Round "6"]
[White "Duda, Jan Krzysztof"]
[Black "Carlsen, Magnus"]
[Result "1/2-1/2"]
[WhiteElo "2743"]
[BlackElo "2862"]
[PlyCount "101"]
[EventDate "2021.01.16"]
[EventType "tourn"]
[EventRounds "13"]
[EventCountry "NED"]
[EventCategory "19"]
[SourceTitle "CBM 200"]
[Source "ChessBase"]
[SourceDate "2021.02.01"]
[SourceVersion "1"]
[SourceVersionDate "2021.02.01"]
[SourceQuality "1"]

1. e4 e5 2. Nf3 Nc6 3. Bc4 Nf6 4. d3 Bc5 5. O-O d6 6. c3 a5 7. Re1 O-O 8. Nbd2 Ba7 9. Nf1 Be6 10. Bb5 Ne7 11. Ng3 Ng6 12. h3 c6 13. Ba4 d5 14. exd5 Nxd5 15. d4 exd4 16. Nxd4 Qc7 17. Qf3 $146 ({RR} 17. Ne4 Rae8 18. Bc2 Ndf4 19. Nxe6 Rxe6 20. Be3 Bxe3 21. Rxe3 Rfe8 22. Qf1 Nh4 23. Ng5 Rxe3 24. fxe3 Nfxg2 25. Bb3 Rf8 26. Qf2 a4 27. Bc2 Qe5 28. Bxh7+ Kh8 29. Nxf7+ Rxf7 30. Qxf7 Kxh7 31. Qf2 Qg5 {Neiksans,A (2560)-Hovhannisyan,R (2669) Riga 2021 0-1 (35)}) ({RR} 17. Bc2 Ndf4 18. Qf3 Rae8 19. Nh5 Nxh5 20. Qxh5 Bb8 21. Nf3 Bd5 22. Be3 Bxf3 23. Qxf3 Qh2+ 24. Kf1 Qh1+ 25. Ke2 Nf4+ 26. Kd2 Qxg2 27. Qxg2 Nxg2 28. Rg1 Nxe3 29. fxe3 Re5 30. Raf1 Rd8+ 31. Ke2 Rde8 {Weidemann,J (2285)-Ganguly,S (2566) Dortmund GER 2025 0-1 (51)}) 17... Bxd4 18. cxd4 Qb6 19. Rd1 Rad8 20. Bb3 Nc7 21. Nf5 Bxb3 22. axb3 Qb5 23. h4 h5 24. Bd2 b6 25. Bg5 f6 26. Bh6 Rf7 27. Qxh5 Ne7 28. Nxe7+ Rxe7 29. Qxb5 cxb5 30. Bd2 Re4 31. d5 Nxd5 32. Be3 Rd7 33. g3 Ree7 34. Bd4 Re6 35. Rac1 Red6 36. Re1 Nb4 37. Rc8+ Kf7 38. Be3 Nd5 39. Rb8 b4 40. Kf1 Kg6 41. g4 Nxe3+ 42. Rxe3 Rd4 43. g5 f5 44. Rh8 Re4 45. Ke2 Rxe3+ 46. Kxe3 Re7+ 47. Kd3 Rd7+ 48. Ke3 Re7+ 49. Kd3 Rd7+ 50. Ke3 Re7+ 51. Kd3 1/2-1/2

[Event "Tata Steel 83rd"]
[Site "Wijk aan Zee"]
[Date "2021.01.23"]
[Round "7"]
[White "Carlsen, Magnus"]
[Black "Harikrishna, Pentala"]
[Result "1/2-1/2"]
[WhiteElo "2862"]
[BlackElo "2732"]
[PlyCount "60"]
[EventDate "2021.01.16"]
[EventType "tourn"]
[EventRounds "13"]
[EventCountry "NED"]
[EventCategory "19"]
[SourceTitle "CBM 200"]
[Source "ChessBase"]
[SourceDate "2021.02.01"]
[SourceVersion "1"]
[SourceVersionDate "2021.02.01"]
[SourceQuality "1"]

1. e4 c5 2. Nf3 e6 3. d4 cxd4 4. Nxd4 Nc6 5. Nc3 Qc7 6. f4 a6 7. Nxc6 bxc6 8. Bd3 d5 9. O-O Nf6 10. Qe2 Be7 11. Bd2 c5 ({RR} 11... g6 12. Kh1 O-O 13. Rae1 dxe4 14. Nxe4 Nxe4 15. Bxe4 Bf6 16. b3 a5 17. Qf3 Bb7 18. Bc3 Bxc3 19. Qxc3 Rfd8 20. a4 Qb6 21. Rd1 Rac8 22. h3 Ba6 23. Rfe1 c5 24. Qf6 Rd4 25. Rxd4 cxd4 26. Rd1 {Adams,M (2745)-Giri,A (2768) London 2014 1-0 (39)}) 12. b3 Bb7 13. Rae1 $146 ({RR} 13. exd5 exd5 14. Rae1 Kf8 15. Nd1 Bd6 16. Ne3 Re8 17. Qd1 Bxf4 18. Nf5 Bxh2+ 19. Kh1 Be5 20. Qf3 d4 21. Qh3 Bc8 22. Bh6 Bxf5 23. Rxf5 Rg8 24. Bd2 h5 25. Bxa6 Ng4 26. Ref1 g6 27. R5f3 Kg7 {Alexakis,D (2484)-Anand,B (2312) Belgrade 2022 1-0 (87)}) ({RR} 13. exd5 exd5 14. Rae1 Kf8 15. Nd1 Bd6 16. Ne3 Re8 17. Qf2 d4 18. Nf5 Ne4 19. Bxe4 Bxe4 20. Nxd6 Qxd6 21. f5 f6 22. Qe2 h5 23. b4 d3 24. cxd3 Qxd3 25. Qf2 Re5 26. Bf4 Rd5 27. Re3 Qc2 {Orujov,F (2303)-Tissir,M (2309) Abu Dhabi UAE 2025 1-0}) 13... c4 14. bxc4 dxe4 15. Nxe4 Nxe4 16. Bxe4 Bxe4 17. Qxe4 Rc8 18. f5 Qxc4 19. fxe6 f6 20. Qb7 Qc6 21. Rb1 Bc5+ 22. Kh1 Qxb7 23. Rxb7 O-O 24. Re1 Rfe8 25. g3 Rc6 26. e7 Kf7 27. c4 Bd6 28. Bb4 Bxb4 29. Rxb4 Rxe7 30. Rxe7+ Kxe7 1/2-1/2